| 000 | 00857nam a22002297a 4500 | ||
|---|---|---|---|
| 999 |
_c11461 _d11461 |
||
| 008 | 181205b ||||| |||| 00| 0 eng | ||
| 020 | _a978-971-9654-61-2 | ||
| 082 |
_22017 _aDFil 331.2 _bM768 |
||
| 100 |
_aMontoya, Rome Sherriff G. _931477 |
||
| 245 |
_aCompensation administration/ _cRome Sherriff G. Montoya, Dela Cruz, Michael L., Banaag, Francis B., Ople, Lucky Lester B., Painaga Ma. Victoria C. |
||
| 260 |
_aManila: _bUnlimited Books Library Services & Publishing Inc. _c©2017. |
||
| 300 |
_ax, 148 pages. _billustrations; _c23 cm. |
||
| 500 | _aIncludes references. | ||
| 650 | _2Salaries and wages | ||
| 650 | _2Compensation | ||
| 700 |
_aDela Cruz, Michael L. _932774 |
||
| 700 |
_aOple, Lucky Lester _932861 |
||
| 700 |
_aBanaag, Francis B. _917089 |
||
| 700 |
_aPainaga, Ma. Victoria _932862 |
||
| 365 |
_b393 _cPhp |
||
| 942 |
_2ddc _cDFIL |
||